Lịch sử Văn học Việt Nam
Shranjeno v:
| Format: | Knjiga |
|---|---|
| Oznake: |
Označite
Brez oznak, prvi označite!
|
| Thư viện lưu trữ: | Mạng thư viện Đại học Đà Nẵng |
|---|
| LEADER | 00747nam a2200205 4500 | ||
|---|---|---|---|
| 001 | 000003971 | ||
| 003 | 99 | ||
| 005 | 20150812140852.0 | ||
| 008 | 110713s sd | ||
| 245 | 0 | 0 | |a Lịch sử Văn học Việt Nam |
| 774 | |b In lần thứ năm có sửa chữa |d Giaó dục |d H. |d 1978 |g Tập 1 |h 220 tr. |t Văn học dân gian |w 102 | ||
| 774 | |a Bùi Văn Nguyên |b In lần thứ năm có sửa chữa |d Giaó dục |d H. |d 1978 |g Tập 2 |h 136 tr. |t Văn học viết. Thời kỳ I: Các giai đoạn I, II, và III |w 103 | ||
| OWN | |a LSP | ||
| 999 | |a From the UDN01 | ||
| TYP | |a Monograph | ||
| TYP | |a Printed language | ||
| 980 | |a Mạng thư viện Đại học Đà Nẵng | ||